Geogrid #2 - Statistics

General Stats
  • This quiz has been taken 8 times
  • The average score is 7 of 9
Answer Stats
Answer % Correct
Cuba, Argentina... +
100%
United States, Canada
88%
Belize, Uruguay... +
75%
Niger, Belize... +
75%
Niger, Senegal... +
75%
Canada
63%
Canada, Madagascar
63%
Luxembourg, Singapore... +
63%
Papua New Guinea, Taiwan... +
63%
No matching quizzes found
Score Distribution
Percent of People with Each Score
Percentile by Number Answered
Your Score History
You have not taken this quiz